Normal view
MARC view
Entry Personal Name
001 - CONTROL NUMBER
- control field: 9512
003 - CONTROL NUMBER IDENTIFIER
- control field: ARRUPE
005 - DATE AND TIME OF LATEST TRANSACTION
- control field: 20140327132217.0
008 - FIXED-LENGTH DATA ELEMENTS
- fixed length control field: 140327|| aca||aabn | a|a d
040 ## - CATALOGING SOURCE
- Original cataloging agency: ARRUPE
- Transcribing agency: ARRUPE
100 ## - HEADING--PERSONAL NAME
- Personal name: J. Cooper-Chadwick
670 ## - SOURCE DATA FOUND
- Source citation: Work cat.: (ARRUPE)9428: Cooper-Chadwick, J 9508, Three years with Lobengula and experiences in South Africa